000 nam a22 7a 4500
999 _c10647
_d10647
008 180220b ||||| |||| 00| 0 eng d
100 _aSoni,J.
_96530
245 _aEnvironmental Studies-1
260 _aNew Delhi
_bEvershine